Tributos extrafiscales, protección del medioambiente y fiscalidad de la energía eléctrica /

Đã lưu trong:
Chi tiết về thư mục
Tác giả chính: Molina Lebron, Ana (autor.)
Tác giả khác: Arrieta Martínez de Pisón, Juan (prologuista.)
Định dạng: eBook
Ngôn ngữ:Tiếng Tây Ban Nha
Được phát hành: Madrid : Editorial Reus, 2025.
Loạt:Colección Derecho Financiero y Tributario.
Những chủ đề:
Truy cập trực tuyến:https://elibro.unach.elogim.com/es/lc/unach/titulos/289159
Các nhãn: Thêm thẻ
Không có thẻ, Là người đầu tiên thẻ bản ghi này!

MARC

LEADER 00000nam a2200000 i 4500
001 ELB289159
003 FINmELB
005 20251222111711.0
006 m o u
007 cr cn|||||||||
008 251222s2025 sp ob 000 0 spa d
020 |z 9788429029345 
035 |a (OCoLC)1564682537 
040 |a FINmELB  |b spa  |e rda  |c FINmELB 
050 1 4 |a KKT3659  |b M722 2025 
080 |a 336.226.44:351.713(460) 
082 0 4 |a 343.460055  |2 23 
100 1 |a Molina Lebron, Ana,  |e autor. 
245 1 0 |a Tributos extrafiscales, protección del medioambiente y fiscalidad de la energía eléctrica /  |c Ana Molina Lebron ; prólogo Juan Arrieta Martínez de Pisón. 
264 1 |a Madrid :  |b Editorial Reus,  |c 2025. 
300 |a 1 recurso en línea (290 páginas) 
336 |a texto  |b txt  |2 rdamedia/spa 
337 |a computadora  |b c  |2 rdamedia/spa 
338 |a recurso en línea  |b cr  |2 rdacarrier/spa 
490 1 |a Colección Derecho Financiero y Tributario 
504 |a Contiene bibliografía. 
588 |a Descripción basada en metadatos suministrados por el editor y otras fuentes. 
590 |a Recurso electrónico. Santa Fe, Arg.: elibro, 2025. Disponible vía World Wide Web. El acceso puede estar limitado para las bibliotecas afiliadas a elibro. 
650 4 |a Impuestos ambientales  |x Derecho y legislación  |z España. 
650 4 |a Impuestos energéticos  |x Derecho y legislación  |z España. 
655 4 |a Libros electrónicos. 
700 1 |a Arrieta Martínez de Pisón, Juan,  |e prologuista. 
797 2 |a elibro, Corp. 
830 0 |a Colección Derecho Financiero y Tributario. 
856 4 0 |u https://elibro.unach.elogim.com/es/lc/unach/titulos/289159